Poslanec NR SR P. Weis v okrese Rožňava

Bibliographic Details
Main Author: Jakubíková, Matilda (Author)
Format: Article
Language:Slovak
PhysicalDescription:1 foto
Subjects:

MARC

LEADER 00000nab a2200000 a 4500
001 vtls001003152
003 SK-MaSNL
005 20260305033748.0
008 040720e19970930xo 0 slo
035 |a RV3752 
040 |a RVGKPD  |b slo  |c RVGKPD  |e AACR2 
041 0 |a slo 
044 |a xo  |c SK 
080 |a 329.14(437.6)  |2 1981 
100 1 |a Jakubíková, Matilda  |4 aut  |9 1181878 
245 1 0 |a Poslanec NR SR P. Weis v okrese Rožňava 
300 |b 1 foto 
590 |a Weiss, Peter, 1952-  |b Poslanec NR SR za SDĽ. 
600 1 7 |a Weiss, Peter,  |d 1952-  |2 RVGKPD  |9 103279 
650 0 7 |a návštevy  |2 RVGKPD  |9 726269 
651 7 |a Rožňava (Slovensko : okres)  |2 RVGKPD  |9 19215 
655 7 |a periodikum  |2 snkbucl  |9 29553 
773 0 8 |t Zora Gemera  |g Roč. 5, č.39, 30.9.1997, s. 1 
852 |a ZVYKNI  |b KIS3GCP 
999 |c 3325721  |d 3327651